U.S. History by Letter- W - Statistics

General Stats
  • This quiz has been taken 247 times
  • The average score is 10 of 18
Answer Stats
Hint Answer % Correct
1972 presidential scandal Watergate
98%
Airplane-inventing brothers Wright Brothers
98%
President during WWI Woodrow Wilson
95%
1969 music festival Woodstock
91%
Invented the cotton gin Eli Whitney
80%
New York military academy West Point
79%
Western film actor, star of True Grit John Wayne
73%
African-American educator and orator, established Tuskegee University Booker T. Washington
68%
Director of Citizen Kane, adapted War of the Worlds to radio Orson Welles
62%
Los Angeles neighborhood the scene of 1965 riots Watts
62%
1890 Indian massacre Wounded Knee
55%
Alabama governor who advocated "segregation forever" George Wallace
49%
Colonial hub in Virginia Williamsburg
46%
Wrote "O Captain, My Captain" Walt Whitman
40%
1790s insurrection Whiskey Rebellion
22%
Powerful Congressional orator who opposed secession Daniel Webster
12%
Invented the train air brake George Westinghouse
7%
Led the Puritan colony in Boston John Winthrop
5%
No matching quizzes found
Score Distribution
Percent of People with Each Score
Percentile by Number Answered
Your Score History
You have not taken this quiz